000 00982nam a2200265 a 4500
001 000016793
005 20240307073946.0
008 100310s2001 dr 000 0 spa d
020 _a9993482854
040 _aDO-SdBNP
_bspa
_cBNPHU
082 _a410
_bG643L
100 1 _aGonzález Tapia, Carlisle
_917929
245 1 0 _aLingüística práctica /
_cCarlisle González Tapia.
260 _aSanto Domingo :
_bUASD,
_c2001.
_fTapia,
300 _a86 p. ;
_c27 cm.
490 1 _aLingüística y sociedad
_v17
490 1 _aPublicaciones de la Universidad Autónoma de Santo Domingo
_v942
590 _aInventariado, 2018/VM
650 4 _aLinguística
_xProblemas y ejercicios, etc.
_937217
650 4 _aLinguística
_xEnseñanza
_927959
710 1 _aUniversidad Autónoma de Santo Domingo
_972951
830 0 _aLingüística y sociedad
_n17
_937218
830 0 _aPublicaciones de la Universidad Autónoma de Santo Domingo
_n942
_937219
910 _aValidado. Control de calidad EMS.
999 _c16325
_d16325